[Event "Oberliga Sued W9697"]
[Site "GER"]
[Date "1997.??.??"]
[Round "?"]
[White "Becker, Marc"]
[Black "Golubev, Mihail"]
[Result "0-1"]
[WhiteElo "2420"]
[BlackElo "2525"]
[PlyCount "84"]
[EventDate "1996.??.??"]
[Source "www.chesslib.no"]
[SourceDate "2004.05.04"]

1. e4 c5 2. Nf3 d6 3. d4 cxd4 4. Nxd4 Nf6 5. Nc3 g6 6. Be3 Bg7 7. f3 O-O 8. Qd2 Nc6 9. Bc4 Bd7 10. Bb3 Qa5 11. O-O-O Rfc8 12. Kb1 Ne5 13. h4 Nc4 14. Bxc4 Rxc4 15. Nb3 Qd8 16. g4 Rac8 17. h5 Bxg4 18. e5 Bxf3 19. exf6 Bxf6 20. hxg6 hxg6 21. Bd4 e5 22. Be3 d5 23. Nxd5 Rxc2 24. Nxf6+ Qxf6 25. Qd7 Bxh1 26. Rxh1 Qf3 27. Qh3 Qxh3 28. Rxh3 b6 29. Bd2 f6 30. Rd3 R2c7 31. Bc3 Kf7 32. Nd2 g5 33. Ne4 Kg6 34. a3 Rc6 35. Rd7 R8c7 36. Rd8 g4 37. Kc2 f5 38. Ng3 f4 39. Ne4 g3 40. Kd3 Rxc3+ 41. Nxc3 g2 42. Rd6+ Kg7 0-1

[Event "Classics GM"]
[Site "Gausdal"]
[Date "2003.04.06"]
[Round "5"]
[White "Berg, Emanuel"]
[Black "Lie, Kjetil A"]
[Result "1/2-1/2"]
[WhiteElo "2514"]
[BlackElo "2430"]
[PlyCount "74"]
[EventDate "2003.04.03"]
[Source "Roberto Alvarez"]
[SourceDate "2003.04.28"]

1. e4 c5 2. Nf3 d6 3. d4 cxd4 4. Nxd4 Nf6 5. Nc3 g6 6. Be3 Bg7 7. f3 O-O 8. Qd2 Nc6 9. Bc4 Bd7 10. O-O-O Ne5 11. Bb3 Qa5 12. Kb1 Rfc8 13. h4 b5 14. Ncxb5 Qxd2 15. Rxd2 Rab8 16. Nc3 a5 17. a4 Nc4 18. Bxc4 Rxc4 19. Nde2 Nxe4 20. fxe4 Bxc3 21. Nxc3 Rxc3 22. Bd4 Rcc8 23. h5 Bxa4 24. hxg6 fxg6 25. e5 Bd7 26. exd6 exd6 27. Re1 Re8 28. Rxe8+ Rxe8 29. Bc3 Re1+ 30. Ka2 Be6+ 31. b3 a4 32. Rxd6 axb3+ 33. cxb3 Re3 34. Kb2 Re2+ 35. Rd2 Rxd2+ 36. Bxd2 Bd5 37. g4 g5 1/2-1/2

[Event "ISR-chT"]
[Site "Israel"]
[Date "1999.04.16"]
[Round "8"]
[White "Gruenfeld, Yehuda"]
[Black "Murey, Jacob"]
[Result "1/2-1/2"]
[WhiteElo "2479"]
[BlackElo "2463"]
[PlyCount "33"]
[EventDate "1999.01.??"]
[Source "www.chesslib.no"]
[SourceDate "2004.05.04"]

1. e4 c5 2. Nf3 d6 3. d4 cxd4 4. Nxd4 Nf6 5. Nc3 g6 6. Be3 Bg7 7. f3 Nc6 8. Bc4 O-O 9. Qd2 Bd7 10. h4 Qa5 11. Bb3 Rfc8 12. O-O-O Ne5 13. h5 Rxc3 14. Qxc3 Qxc3 15. bxc3 Nxh5 16. Bg5 Nf6 17. Bh6 1/2-1/2

[Event "Itau SP 450 Años"]
[Site "Sao Paulo"]
[Date "2004.??.??"]
[Round "7"]
[White "Milos, Gilberto"]
[Black "Vera Insfran, Jorge Enrique"]
[Result "1-0"]
[WhiteElo "2594"]
[BlackElo "2338"]
[PlyCount "99"]
[EventDate "2004.01.18"]
[Source "Roberto Alvarez"]
[SourceDate "2004.01.26"]

1. e4 c5 2. Nf3 d6 3. d4 cxd4 4. Nxd4 Nf6 5. Nc3 g6 6. Be3 Bg7 7. f3 Nc6 8. Qd2 O-O 9. Bc4 Bd7 10. O-O-O Qa5 11. Bb3 Rfc8 12. h4 Ne5 13. h5 Nxh5 14. g4 Nf6 15. Bh6 Bxh6 16. Rxh6 Rxc3 17. Qxc3 Qxc3 18. bxc3 Rc8 19. Kd2 b5 20. Rhh1 a5 21. a3 Rc5 22. Rb1 Kg7 23. Ba2 Nxf3+ 24. Nxf3 Nxe4+ 25. Kc1 Nxc3 26. Rb2 Nxa2+ 27. Rxa2 Bxg4 28. Nd4 a4 29. Rb2 Bd7 30. Kd2 e5 31. Ne2 Bc6 32. Rhb1 h5 33. Rb4 f5 34. Nc3 g5 35. Nxb5 Bxb5 36. Rxb5 Rxb5 37. Rxb5 h4 38. Ke2 g4 39. Rd5 Kf6 40. Rxd6+ Kg5 41. c4 h3 42. c5 h2 43. Rd1 g3 44. Kf3 Kh4 45. c6 Kh3 46. c7 e4+ 47. Kf4 g2 48. c8=Q g1=Q 49. Qxf5+ Kg2 50. Qxe4+ 1-0

[Event "Baden Casino op "]
[Site "?"]
[Date "2000.??.??"]
[Round "4"]
[White "Moor Roger"]
[Black "Cebalo Miso"]
[Result "1/2-1/2"]
[WhiteElo "2379"]
[BlackElo "2553"]
[PlyCount "85"]
[EventDate "2000.??.??"]
[Source "www.chesslib.no"]
[SourceDate "2004.05.04"]

1. Nf3 c5 2. e4 d6 3. d4 cxd4 4. Nxd4 Nf6 5. Nc3 g6 6. Be3 Bg7 7. f3 O-O 8. Bc4 Nc6 9. Qd2 Bd7 10. Bb3 Qa5 11. h4 Ne5 12. O-O-O Rfc8 13. Kb1 b5 14. Bh6 Nc4 15. Bxc4 bxc4 16. Bxg7 Kxg7 17. g4 Rab8 18. Ka1 h6 19. Rhg1 Kh7 20. g5 hxg5 21. Rxg5 Rc5 22. f4 Rxg5 23. hxg5 Nh5 24. f5 Kg7 25. Rf1 Qb4 26. b3 cxb3 27. axb3 a5 28. Nb1 Qxd2 29. Nxd2 a4 30. Kb2 axb3 31. cxb3 gxf5 32. exf5 e5 33. fxe6 Bxe6 34. Ne4 Rb6 35. Kc3 Kg6 36. Rg1 Nf4 37. Rh1 Bh3 38. Nf2 Bg2 39. Rg1 Bb7 40. Nd3 Nh3 41. Rg3 Nxg5 42. Nf4+ Kf6 43. Nh5+ 1/2-1/2

[Event "ESP-ch"]
[Site "Barcelona"]
[Date "2000.08.27"]
[Round "9"]
[White "Moreno Carnero, Javier"]
[Black "Martin Gonzalez, Angel"]
[Result "1/2-1/2"]
[WhiteElo "2515"]
[BlackElo "2411"]
[PlyCount "49"]
[EventDate "2000.08.18"]
[Source "ChessBase"]
[SourceDate "2000.09.14"]

1. e4 c5 2. Nf3 d6 3. d4 cxd4 4. Nxd4 Nf6 5. Nc3 g6 6. Be3 Bg7 7. f3 Nc6 8. Qd2 O-O 9. Bc4 Bd7 10. O-O-O Ne5 11. Bb3 Qa5 12. h4 Rfc8 13. g4 Nc4 14. Bxc4 Rxc4 15. h5 Rac8 16. Nb3 Qa6 17. hxg6 fxg6 18. e5 Ne8 19. Qh2 h5 20. Bd4 Rxd4 21. Nxd4 Rxc3 22. bxc3 Qa3+ 23. Kb1 Bxe5 24. f4 Be6 25. fxe5 1/2-1/2

[Event "Bled op-21 A"]
[Site "Bled"]
[Date "2000.04.02"]
[Round "9"]
[White "Fercec, Nenad"]
[Black "Markovic, Ivan"]
[Result "1-0"]
[WhiteElo "2464"]
[BlackElo "2462"]
[PlyCount "57"]
[EventDate "2000.03.25"]
[Source "www.chesslib.no"]
[SourceDate "2004.05.04"]

1. e4 c5 2. Nf3 d6 3. d4 cxd4 4. Nxd4 Nf6 5. Nc3 g6 6. Be3 Bg7 7. f3 Nc6 8. Qd2 O-O 9. Bc4 Bd7 10. O-O-O Qa5 11. Kb1 Rfc8 12. Bb3 Ne5 13. h4 Nc4 14. Bxc4 Rxc4 15. Nb3 Qc7 16. Bd4 Be6 17. h5 a5 18. hxg6 hxg6 19. a4 b5 20. Nxb5 Qb8 21. Nc3 Rb4 22. Rh4 Bxb3 23. cxb3 Rxd4 24. Qxd4 Qxb3 25. e5 Rc8 26. exf6 Bxf6 27. Qxf6 exf6 28. Rdh1 f5 29. Rh8+ 1-0

[Event "Open"]
[Site "Vladimir"]
[Date "2004.08.23"]
[Round "6"]
[White "Zakhartsov, Viacheslav V"]
[Black "Arakelov, Ilya"]
[Result "1-0"]
[WhiteElo "2521"]
[BlackElo "2404"]
[PlyCount "67"]
[EventDate "2004.08.18"]
[Source "Roberto Alvarez"]
[SourceDate "2004.09.21"]

1. e4 c5 2. Nf3 d6 3. d4 cxd4 4. Nxd4 Nf6 5. Nc3 g6 6. Be3 Bg7 7. f3 O-O 8. Qd2 Nc6 9. Bc4 Bd7 10. O-O-O Qa5 11. Bb3 Rfc8 12. h4 Ne5 13. Kb1 Nc4 14. Bxc4 Rxc4 15. Nb3 Qa6 16. e5 Ne8 17. Nd5 Bxe5 18. Nxe7+ Kf8 19. Nd5 Rac8 20. Rc1 Be6 21. Bh6+ Ng7 22. f4 Bf5 23. Nb4 Qa4 24. fxe5 Qxb4 25. Qxb4 Rxb4 26. exd6 Rbc4 27. Ka1 Kg8 28. c3 Ne6 29. Na5 Rg4 30. b4 Nc5 31. Rhd1 Nd3 32. Rxd3 Bxd3 33. d7 Ra8 34. Rd1 1-0

[Event "Gran Canaria Open"]
[Site "Gran Canaria"]
[Date "1993.??.??"]
[Round "8"]
[White "Shchekachev, Andrei"]
[Black "Ward, Christopher"]
[Result "1/2-1/2"]
[WhiteElo "2495"]
[BlackElo "2430"]
[PlyCount "42"]
[EventDate "1993.??.??"]
[Source "www.chesslib.no"]
[SourceDate "2004.05.04"]

1. e4 c5 2. Nf3 d6 3. d4 cxd4 4. Nxd4 Nf6 5. Nc3 g6 6. Be3 Bg7 7. f3 Nc6 8. Qd2 O-O 9. Bc4 Bd7 10. O-O-O Qa5 11. Kb1 Rfc8 12. Bb3 Ne5 13. Bg5 Rc5 14. Rhe1 b5 15. Bxf6 exf6 16. Bd5 b4 17. Nce2 Nc4 18. Qc1 Rxd5 19. exd5 f5 20. Qf4 Qb6 21. Nc6 Nxb2 1/2-1/2

[Event "WYCC 2003 - B18"]
[Site "Halkidiki"]
[Date "2003.11.01"]
[Round "10.2"]
[White "Zhigalko, Andrey"]
[Black "Pixton, Aaron"]
[Result "0-1"]
[WhiteElo "2478"]
[BlackElo "2445"]
[PlyCount "114"]
[EventDate "2003.10.23"]
[Source "Roberto Alvarez"]
[SourceDate "2003.11.03"]

1. e4 c5 2. Nf3 d6 3. d4 cxd4 4. Nxd4 Nf6 5. Nc3 g6 6. Be3 Bg7 7. f3 O-O 8. Qd2 Nc6 9. Bc4 Bd7 10. O-O-O Ne5 11. Bb3 Qa5 12. Kb1 Rfc8 13. h4 Nc4 14. Bxc4 Rxc4 15. Nb3 Qa6 16. Bh6 Bh8 17. h5 Rac8 18. hxg6 fxg6 19. g4 Be6 20. Rh2 Rxc3 21. bxc3 Nd7 22. Be3 Ne5 23. Qf2 Rf8 24. Qg2 Rxf3 25. Bd4 Rf7 26. Rdh1 Nxg4 27. Rh4 Bxd4 28. cxd4 Rf2 29. Qg3 Qe2 30. Qc3 h5 31. d5 Bf7 32. Nc1 Qb5+ 33. Ka1 Qc5 34. Qxc5 dxc5 35. Kb1 c4 36. Kb2 Kg7 37. Kc3 g5 38. R4h3 Nf6 39. Kxc4 Nxe4 40. Kd4 Nd6 41. Nd3 Rxc2 42. Ne5 Be8 43. R3h2 Nb5+ 44. Ke4 Rc5 45. Rxh5 Bxh5 46. Rxh5 Nd6+ 47. Kd4 Ra5 48. Rxg5+ Kf6 49. Rg6+ Kf5 50. Re6 Ra4+ 51. Kc5 Ne4+ 52. Kb5 Nc3+ 53. Kc5 Ne4+ 54. Kb5 Nc3+ 55. Kc5 Nxd5 56. Rh6 Kxe5 57. Rh5+ Ke6 0-1

[Event "Frunze"]
[Site "Frunze"]
[Date "1983.??.??"]
[Round "?"]
[White "Tseshkovsky, Vitaly"]
[Black "Yurtaev, Leonid"]
[Result "1-0"]
[WhiteElo "2560"]
[BlackElo "2360"]
[PlyCount "41"]
[EventDate "1983.05.??"]
[Source "ChessBase"]

1. e4 c5 2. Nf3 d6 3. d4 cxd4 4. Nxd4 Nf6 5. Nc3 g6 6. Be3 Bg7 7. f3 O-O 8. Qd2 Nc6 9. Bc4 Bd7 10. h4 Ne5 11. Bb3 Qa5 12. O-O-O Rfc8 13. g4 Rc4 14. g5 Rxd4 15. Bxd4 Nxf3 16. Qf2 Nxd4 17. Rxd4 Nh5 18. Qxf7+ Kh8 19. Rd3 Qe5 20. Rf1 Bc6 21. Rdf3 1-0

[Event "Valencia zt 2.3"]
[Site "Valencia"]
[Date "2000.??.??"]
[Round "5"]
[White "Zapata, Alonso"]
[Black "Gonzalez, Bernal M"]
[Result "1-0"]
[WhiteElo "2487"]
[BlackElo "2428"]
[PlyCount "63"]
[EventDate "2000.08.23"]
[Source "www.chesslib.no"]
[SourceDate "2004.05.04"]

1. e4 c5 2. Nf3 Nc6 3. d4 cxd4 4. Nxd4 g6 5. Nc3 Bg7 6. Be3 Nf6 7. Bc4 O-O 8. Bb3 d6 9. f3 Bd7 10. h4 Qa5 11. Qd2 Rfc8 12. O-O-O Ne5 13. Kb1 Nc4 14. Bxc4 Rxc4 15. Nb3 Qc7 16. g4 Bxg4 17. fxg4 Nxe4 18. Nxe4 Rxe4 19. h5 Rc8 20. Bd4 e5 21. Bc3 Rd8 22. hxg6 hxg6 23. g5 Rg4 24. Rdg1 Rxg1+ 25. Rxg1 d5 26. Qh2 b6 27. Bb4 Qc6 28. Rh1 f5 29. Be7 Rc8 30. Qh7+ Kf7 31. Bf6 Rg8 32. Rh6 1-0

[Event "VII Cup GM"]
[Site "Paks"]
[Date "2003.11.21"]
[Round "3"]
[White "Kulaots, Kaido"]
[Black "Taylor, Timothy"]
[Result "1-0"]
[WhiteElo "2530"]
[BlackElo "2385"]
[PlyCount "87"]
[EventDate "2003.11.19"]
[Source "Roberto Alvarez"]
[SourceDate "2003.12.01"]

1. e4 c5 2. Nf3 d6 3. d4 cxd4 4. Nxd4 Nf6 5. Nc3 g6 6. Be3 Bg7 7. f3 O-O 8. Qd2 Nc6 9. Bc4 Bd7 10. O-O-O Qa5 11. Bb3 Rfc8 12. h4 Ne5 13. h5 Nxh5 14. Nd5 Qxd2+ 15. Rxd2 Kf8 16. g4 Nf6 17. Nxf6 Bxf6 18. Rxh7 Nc4 19. Bxc4 Rxc4 20. c3 Rac8 21. Nc2 a6 22. Kd1 b5 23. Nb4 Be6 24. Nxa6 Ra4 25. Nb4 Bxa2 26. f4 Bb3+ 27. Ke2 Kg8 28. Rh1 Rca8 29. Kf3 Ra1 30. Rdh2 Rxh1 31. Rxh1 e6 32. g5 Bg7 33. Rg1 e5 34. f5 gxf5 35. exf5 d5 36. Bc5 Rc8 37. Be7 d4 38. cxd4 exd4 39. f6 Re8 40. Kf4 Bh8 41. Ke4 Kh7 42. Rh1+ Kg6 43. Kf4 Bg7 44. fxg7 1-0

[Event "Ch (juniors)"]
[Site "Ivano Frankovsk"]
[Date "1988.??.??"]
[Round "?"]
[White "Petelin, A."]
[Black "Shirov, Alexei D"]
[Result "0-1"]
[WhiteElo "2420"]
[BlackElo "2495"]
[PlyCount "46"]
[EventDate "1988.??.??"]
[Source "www.chesslib.no"]
[SourceDate "2004.05.04"]

1. e4 c5 2. Nf3 d6 3. d4 cxd4 4. Nxd4 Nf6 5. Nc3 g6 6. Be3 Bg7 7. f3 O-O 8. Qd2 Nc6 9. Bc4 Bd7 10. h4 Qa5 11. O-O-O Ne5 12. Bb3 Rfc8 13. g4 Rc4 14. g5 Nh5 15. Bxc4 Nxc4 16. Nb3 Qa6 17. Qe1 Bxc3 18. Qxc3 Rc8 19. Nd2 Nxd2 20. Qxd2 Qxa2 21. Qd3 Ba4 22. c3 Ng3 23. Rhe1 Rxc3+ 0-1

[Event "Paris Open"]
[Site "Paris FRA"]
[Date "1995.??.??"]
[Round "?"]
[White "Feher, Gyula"]
[Black "Koch, Jean-Rene"]
[Result "1/2-1/2"]
[WhiteElo "2420"]
[BlackElo "2495"]
[PlyCount "91"]
[EventDate "1995.04.??"]
[Source "www.chesslib.no"]
[SourceDate "2004.05.04"]

1. e4 c5 2. Nf3 d6 3. d4 Nf6 4. Nc3 cxd4 5. Nxd4 g6 6. Be3 Bg7 7. f3 O-O 8. Qd2 Nc6 9. Bc4 Bd7 10. O-O-O Qa5 11. h4 Ne5 12. Bb3 Rfc8 13. g4 Nc4 14. Bxc4 Rxc4 15. h5 Rxc3 16. Qxc3 Qxa2 17. hxg6 hxg6 18. Kd2 Bxg4 19. Qd3 Qa5+ 20. c3 Bd7 21. Ra1 Qd8 22. Rag1 e6 23. Kc1 Rc8 24. Nc2 Bc6 25. Bg5 Qf8 26. Rh4 Nd7 27. Rgh1 d5 28. Qe2 f6 29. Bh6 dxe4 30. Bxg7 Qxg7 31. Rh8+ Qxh8 32. Rxh8+ Kxh8 33. fxe4 e5 34. Nb4 Kg7 35. Qg4 Rc7 36. Nxc6 bxc6 37. Qe6 Nf8 38. Qd6 Rf7 39. Qxc6 g5 40. Kd2 Ng6 41. Ke3 f5 42. exf5 Rxf5 43. c4 g4 44. Qd7+ Kf6 45. Qd8+ Kg7 46. Qd7+ 1/2-1/2

[Event "HUN-chT 0203"]
[Site "?"]
[Date "2002.12.08"]
[Round "4"]
[White "Acs Peter"]
[Black "Kahn Evarth"]
[Result "1-0"]
[WhiteElo "2560"]
[BlackElo "2355"]
[PlyCount "61"]
[EventDate "2002.??.??"]
[Source "www.chesslib.no"]
[SourceDate "2004.05.04"]

1. e4 c5 2. Nf3 d6 3. d4 cxd4 4. Nxd4 Nf6 5. Nc3 g6 6. Be3 Bg7 7. f3 O-O 8. Qd2 Nc6 9. Bc4 Bd7 10. O-O-O Ne5 11. Bb3 Qa5 12. Kb1 Rfc8 13. h4 Nc4 14. Bxc4 Rxc4 15. Nb3 Qc7 16. Bd4 Be6 17. h5 a5 18. hxg6 hxg6 19. a4 b5 20. Nxb5 Qc8 21. Nc3 Rb8 22. Qg5 Qb7 23. Qb5 Rb4 24. Qxb7 R8xb7 25. Nxa5 Rxb2+ 26. Kc1 R7b4 27. Nc6 Rb7 28. a5 Bc4 29. Nxe7+ Kf8 30. Nc8 Nh5 31. Bxg7+ 1-0

[Event "Brno"]
[Site "?"]
[Date "2006.07.04"]
[Round "6"]
[White "Mista Aleksander"]
[Black "Cernousek Lukas"]
[Result "1-0"]
[WhiteElo "2489"]
[BlackElo "2422"]
[PlyCount "77"]
[EventDate "2006.??.??"]
[Source "www.chesslib.no"]
[SourceDate "2004.05.04"]

1. e4 c5 2. Nf3 d6 3. d4 Nf6 4. Nc3 cxd4 5. Nxd4 g6 6. Be3 Bg7 7. f3 O-O 8. Qd2 Nc6 9. Bc4 Bd7 10. h4 Qa5 11. O-O-O Rfc8 12. Bb3 Ne5 13. Kb1 Nc4 14. Bxc4 Rxc4 15. Nb3 Qc7 16. g4 Rc8 17. e5 dxe5 18. g5 Bf5 19. gxf6 exf6 20. Ka1 Bf8 21. Nd5 Qd6 22. c3 Qa6 23. Nc1 b5 24. Bh6 Bc5 25. b3 Rd4 26. Qe2 Ba3 27. b4 Kh8 28. Nb3 Rdc4 29. Qd2 Rd8 30. Nc7 Rxd2 31. Rxd2 Qc8 32. Rhd1 Rd4 33. Nxd4 Bc1 34. Rxc1 exd4 35. cxd4 Qd7 36. d5 Qe7 37. Ne6 Qe8 38. Nd4 Qe5 39. f4 1-0

[Event "MKD"]
[Site "Skopje MKD"]
[Date "1976.??.??"]
[Round "9"]
[White "Ivanovic, Bozidar"]
[Black "Velimirovic, Dragoljub"]
[Result "0-1"]
[WhiteElo "2385"]
[BlackElo "2525"]
[PlyCount "108"]
[EventDate "1976.??.??"]
[Source "www.chesslib.no"]
[SourceDate "2004.05.04"]

1. e4 c5 2. Nf3 Nc6 3. d4 cxd4 4. Nxd4 g6 5. Nc3 Bg7 6. Be3 Nf6 7. Bc4 O-O 8. Bb3 d6 9. f3 Bd7 10. Qd2 Qa5 11. h4 Rfc8 12. O-O-O Ne5 13. Kb1 Nc4 14. Bxc4 Rxc4 15. Nb3 Qc7 16. h5 Rc8 17. e5 Ne8 18. Nd5 Qd8 19. Bg5 Rxc2 20. Nxe7+ Qxe7 21. Bxe7 Bf5 22. Ka1 Bxe5 23. Nd4 Rxd2 24. Rxd2 Bf4 25. Rdd1 Bc2 26. Nxc2 Rxc2 27. Rh4 g5 28. Rhh1 f6 29. Rhg1 Be5 30. Rge1 Rxg2 31. Bd8 Kf7 32. Rd3 Bxb2+ 33. Kb1 Be5 34. Rb3 b6 35. a4 Ke6 36. a5 bxa5 37. Rb7 Kf5 38. Bxa5 d5 39. Rxh7 Nd6 40. Rxa7 Nc4 41. Rxe5+ Nxe5 42. Ra6 Nxf3 43. Bd8 Nd2+ 44. Kc1 Ne4 45. Ra5 Ke6 46. Ra6+ Ke5 47. Bb6 Rg4 48. Ra8 Rh4 49. Rh8 Kf5 50. Kc2 Nd6 51. Kd1 Nc4 52. Bf2 Rh2 53. Ke1 Kg4 54. h6 Kf3 0-1

[Event "Corr"]
[Site "?"]
[Date "2002.04.12"]
[Round "?"]
[White "Gutsche Dieter"]
[Black "Horta Hector"]
[Result "1/2-1/2"]
[WhiteElo "2479"]
[BlackElo "2431"]
[PlyCount "69"]
[EventDate "2002.??.??"]
[Source "www.chesslib.no"]
[SourceDate "2004.05.04"]

1. e4 c5 2. Nf3 d6 3. d4 cxd4 4. Nxd4 Nf6 5. Nc3 g6 6. Be3 Bg7 7. f3 Nc6 8. Qd2 O-O 9. Bc4 Bd7 10. O-O-O Qa5 11. Bb3 Rfc8 12. g4 Ne5 13. h4 b5 14. h5 b4 15. Nd5 Nxd5 16. exd5 Nc4 17. Bxc4 Rxc4 18. Kb1 Qxd5 19. hxg6 fxg6 20. Qh2 Qe5 21. Qxh7+ Kf7 22. Rh6 Qxe3 23. Qxg6+ Kg8 24. Rdh1 Qxh6 25. Rxh6 Rxd4 26. c3 Rf4 27. Rh7 Rf7 28. Rh8+ Kxh8 29. Qxf7 Bf6 30. cxb4 Rc8 31. Qg6 Be5 32. a3 Rf8 33. Qh6+ Kg8 34. Qg5+ Kf7 35. Qh5+ 1/2-1/2

[Event "Baden-Baden tt"]
[Site "Baden-Baden"]
[Date "1999.??.??"]
[Round "5"]
[White "Volke, Karsten"]
[Black "Beikert, Guenther"]
[Result "1/2-1/2"]
[WhiteElo "2463"]
[BlackElo "2446"]
[PlyCount "101"]
[EventDate "1999.12.??"]
[Source "ChessBase"]
[SourceDate "2000.01.11"]

1. e4 c5 2. Nf3 d6 3. d4 cxd4 4. Nxd4 Nf6 5. Nc3 g6 6. Be3 Bg7 7. f3 Nc6 8. Bc4 O-O 9. Qd2 Bd7 10. O-O-O Qa5 11. Bb3 Rfc8 12. h4 Ne5 13. Bg5 Nc4 14. Bxc4 Rxc4 15. Nb3 Qa6 16. Kb1 Rac8 17. Bxf6 Bxf6 18. Nd5 Rxc2 19. Nxf6+ exf6 20. Qxd6 Qxd6 21. Rxd6 Be6 22. Nd2 h5 23. Rd8+ Rxd8 24. Kxc2 f5 25. Re1 Rc8+ 26. Kb1 fxe4 27. Nxe4 Bf5 28. g4 hxg4 29. fxg4 Bxe4+ 30. Rxe4 f5 31. gxf5 gxf5 32. Re5 Rf8 33. Kc2 Kg7 34. Re7+ Kg6 35. Rxb7 Kh5 36. Kd2 Re8 37. Rxa7 Kxh4 38. Rf7 Kg5 39. a4 Kg6 40. Rd7 f4 41. b4 f3 42. Rd3 Re2+ 43. Kd1 Re4 44. Rxf3 Rxb4 45. Ra3 Kf5 46. a5 Ke5 47. Kc2 Kd5 48. Kc3 Rh4 49. a6 Rh3+ 50. Kb4 Rxa3 51. Kxa3 1/2-1/2

[Event "9th Open, Nikea GRE"]
[Site "?"]
[Date "2001.??.??"]
[Round "5"]
[White "Svetushkin, D."]
[Black "Moutousis, K."]
[Result "1-0"]
[WhiteElo "2460"]
[BlackElo "2445"]
[PlyCount "89"]
[EventDate "2001.??.??"]
[Source "www.chesslib.no"]
[SourceDate "2004.05.04"]

1. e4 c5 2. Nf3 d6 3. d4 cxd4 4. Nxd4 Nf6 5. Nc3 g6 6. Be3 Bg7 7. f3 O-O 8. Qd2 Nc6 9. Bc4 Bd7 10. Bb3 Qa5 11. O-O-O Rfc8 12. Kb1 Ne5 13. h4 Nc4 14. Bxc4 Rxc4 15. Nb3 Qa6 16. e5 Ne8 17. Nd5 Kf8 18. Bh6 Rxc2 19. Bxg7+ Kxg7 20. Qxc2 Bf5 21. Qxf5 gxf5 22. Nxe7 dxe5 23. Nxf5+ Kh8 24. Rhe1 Qf6 25. g4 Rd8 26. Nc5 Ng7 27. Ne4 Qb6 28. Rd6 Qa5 29. Rxd8+ Qxd8 30. Nfd6 Qxh4 31. Rc1 h6 32. Nxf7+ Kh7 33. Nxe5 Ne6 34. Rd1 Nf8 35. a3 Kg7 36. Rc1 Qe7 37. Nc4 Ng6 38. Ncd6 Kh7 39. Nf5 Qe5 40. Rd1 Nf4 41. Rd7+ Kh8 42. Nfd6 Qa5 43. Nf7+ Kg8 44. Nxh6+ Kh8 45. Ng5 1-0

[Event "UKR-ch semifinal"]
[Site "Alushta"]
[Date "2004.05.11"]
[Round "8"]
[White "Vovk, Yuri"]
[Black "Kuzubov, Yuriy"]
[Result "0-1"]
[WhiteElo "2428"]
[BlackElo "2475"]
[PlyCount "162"]
[EventDate "2004.05.04"]
[Source "Roberto Alvarez"]
[SourceDate "2004.09.06"]

1. e4 c5 2. Nf3 Nc6 3. d4 cxd4 4. Nxd4 g6 5. Nc3 Bg7 6. Be3 Nf6 7. Bc4 O-O 8. Bb3 d6 9. f3 Bd7 10. Qd2 Qa5 11. O-O-O Rfc8 12. g4 Ne5 13. Kb1 Rc5 14. g5 Nh5 15. f4 Nc4 16. Bxc4 Rxc4 17. Nb3 Qd8 18. Bd4 Bg4 19. Rdf1 e5 20. fxe5 dxe5 21. Be3 b6 22. Qg2 Qd7 23. h3 Be6 24. Rd1 Qb7 25. Nd5 Rac8 26. Rd2 Kf8 27. Rhd1 Ke8 28. Qf1 Qc6 29. Qd3 f5 30. gxf6 Nxf6 31. Bh6 Rxe4 32. Bxg7 Nxd5 33. Qf3 Bf5 34. a3 Ne3 35. Re1 Nxc2 36. Rxe4 Qxe4 37. Qxe4 Bxe4 38. Ka2 Bf5 39. Bxe5 Be6 40. Bc3 a5 41. Rxc2 Kd7 42. Rd2+ Ke8 43. Re2 Kf7 44. Rc2 a4 45. Rf2+ Ke7 46. Kb1 axb3 47. Kc1 g5 48. Kd2 Rg8 49. Rf3 Rg6 50. Ke1 h5 51. Kf2 h4 52. Kg1 Bd5 53. Rf5 Ke6 54. Re5+ Kd6 55. Rf5 Be6 56. Rf6 Rg8 57. Kh2 Kd5 58. Rf2 Kc4 59. Bf6 Rg6 60. Bd8 Bd5 61. Rf6 Rg8 62. Bxb6 Re8 63. Kg1 Re2 64. Rf2 Re6 65. Ba7 Kd3 66. Bc5 Re4 67. Ba7 Be6 68. Kg2 Re1 69. Rf3+ Kc2 70. Rf2+ Kb1 71. Kf3 Bxh3 72. Rh2 Bf5 73. Be3 g4+ 74. Kf4 Rf1+ 75. Kg5 h3 76. Bf4 Bd7 77. Rd2 Bc8 78. a4 Rg1 79. Kh4 Rg2 80. Rd1+ Kxb2 81. a5 Ka2 0-1

[Event "Yerevan ol (Men)"]
[Site "Yerevan"]
[Date "1996.??.??"]
[Round "13"]
[White "Konguvel, Ponnuswamy"]
[Black "Tisdall, Jonathan D"]
[Result "1/2-1/2"]
[WhiteElo "2385"]
[BlackElo "2515"]
[PlyCount "133"]
[EventDate "1996.09.??"]
[Source "www.chesslib.no"]
[SourceDate "2004.05.04"]

1. e4 c5 2. Nf3 d6 3. d4 cxd4 4. Nxd4 Nf6 5. Nc3 g6 6. Be3 Bg7 7. f3 Nc6 8. Qd2 O-O 9. Bc4 Bd7 10. O-O-O Ne5 11. Bb3 Qa5 12. Kb1 Rfc8 13. g4 b5 14. Bh6 Bxh6 15. Qxh6 Rxc3 16. bxc3 Qxc3 17. Qd2 Rc8 18. Qxc3 Rxc3 19. Kb2 Rc5 20. Rhe1 a5 21. a3 Kg7 22. Re3 Be8 23. Ne2 Bc6 24. Nf4 Nfd7 25. Nd3 Nc4+ 26. Bxc4 Rxc4 27. Nc1 Nb6 28. Nb3 Ra4 29. Rc3 Bd7 30. Rc7 Nc4+ 31. Kc3 Be6 32. Ra1 Ne5 33. Nd2 Kf6 34. Rb7 Bc4 35. Kb2 Ke6 36. Re1 g5 37. Re3 b4 38. axb4 axb4 39. Nb3 Ba6 40. Nd4+ Kf6 41. Ra7 Nc4+ 42. Kb3 Ra3+ 43. Kxb4 Rxe3 44. Rxa6 Nd2 45. Ra1 Ke5 46. Ra5+ Kf6 47. h4 e5 48. hxg5+ Kxg5 49. Nf5 Rxf3 50. Nxd6 Kxg4 51. Rxe5 h5 52. Re7 h4 53. Nxf7 Rf4 54. Ne5+ Kg5 55. Kc3 Nxe4+ 56. Kd3 Nf6 57. Rg7+ Kf5 58. Ng6 Rg4 59. Nxh4+ Rxh4 60. Re7 Nd5 61. Re8 Nf4+ 62. Ke3 Ne6 63. Kd3 Ke5 64. c3 Kd6 65. Ke3 Kd5 66. Rc8 Rh3+ 67. Kd2 1/2-1/2

[Event "EUCup sf"]
[Site "Breda"]
[Date "1998.09.20"]
[Round "3"]
[White "Tiviakov, Sergei"]
[Black "Phillips, Roy"]
[Result "1-0"]
[WhiteElo "2655"]
[BlackElo "2245"]
[PlyCount "57"]
[EventDate "1998.09.??"]
[Source "ChessBase"]
[SourceDate "1998.11.30"]

1. e4 c5 2. Nf3 d6 3. d4 cxd4 4. Nxd4 Nf6 5. Nc3 g6 6. Be3 Bg7 7. f3 O-O 8. Qd2 Nc6 9. Bc4 Bd7 10. O-O-O Qa5 11. Bb3 Rfc8 12. Kb1 Ne5 13. h4 Nc4 14. Bxc4 Rxc4 15. Nb3 Qc7 16. Bd4 Be6 17. h5 a5 18. hxg6 hxg6 19. a4 Rb4 20. Rh4 Rc8 21. Rdh1 Bxb3 22. cxb3 e5 23. Be3 Rxb3 24. Nb5 Qe7 25. Bh6 Nh5 26. Bxg7 Kxg7 27. Rxh5 gxh5 28. Nxd6 Qd8 29. Rxh5 1-0

[Event "Voronezh RUS"]
[Site "?"]
[Date "2005.06.21"]
[Round "9"]
[White "Savchenko Boris"]
[Black "Arakelov Ilya"]
[Result "1-0"]
[WhiteElo "2480"]
[BlackElo "2417"]
[PlyCount "129"]
[EventDate "2005.??.??"]
[Source "www.chesslib.no"]
[SourceDate "2004.05.04"]

1. e4 c5 2. Nf3 d6 3. d4 cxd4 4. Nxd4 Nf6 5. Nc3 g6 6. f3 Bg7 7. Be3 O-O 8. Qd2 Nc6 9. Bc4 Bd7 10. O-O-O Qa5 11. Bb3 Rfc8 12. Kb1 Ne5 13. Bg5 Nc4 14. Bxc4 Rxc4 15. Bxf6 Bxf6 16. Nd5 Qxd2 17. Nxf6+ Kg7 18. Nh5+ Kh6 19. Rxd2 Kxh5 20. Ne2 Be6 21. b3 Rc5 22. c4 Kg5 23. Kb2 Kf6 24. f4 Kg7 25. Nc3 Kf8 26. Rf1 f6 27. Rf3 Rac8 28. Re3 Bf7 29. e5 fxe5 30. fxe5 Rxe5 31. Rxe5 dxe5 32. Rd7 Rb8 33. Rc7 Be6 34. Ne4 Bf5 35. Nc3 Ke8 36. g3 e4 37. Kc1 e3 38. Rc5 Rd8 39. Rd5 e6 40. Rxd8+ Kxd8 41. Kd1 Bg4+ 42. Kc2 Bf5+ 43. Kd1 Bd3 44. Na4 b5 45. cxb5 Bxb5 46. Nb2 Kc7 47. a4 Ba6 48. b4 Kd6 49. b5 Bb7 50. Ke2 Kc5 51. Kxe3 Bd5 52. Nd3+ Kb6 53. Ne5 Bb3 54. Nd7+ Ka5 55. Nf8 h6 56. Nxg6 Kxa4 57. Ne5 Kxb5 58. Kd2 Bd5 59. g4 Kb4 60. h4 Kb3 61. Ke3 Kc3 62. h5 Bb3 63. Nf7 a5 64. Nd6 e5 65. g5 1-0